000 00698nam a22002297a 4500
008 131110b xxu||||| |||| 00| 0 eng d
024 _cAvaialable
037 _cAvaialable
040 _aMBSTU LIBRARY
_dMBSTU LIBRARY
082 _222
_a364 SHP
100 _aSharma, P.D.
245 _aPolice and criminal justice administration in India.
260 _aNew Delhi
_bUppal Publishers.
_c1985
300 _a22 cm.
_b247 page
_f1
_g22 cm.
600 _2Criminsl justice.
650 _2Criminsl justice.
700 _aSharma, P.D.
270 _aNew Delhi
_bNew Delhi
_dIndia
365 _b270.00
_d270.00
942 _2ddc
_cBK
999 _c809
_d809